World Languages by Letter - K - Statistics

General Stats
  • This quiz has been taken 414 times
  • The average score is 8 of 15
Answer Stats
Clue Language % Correct
Will be fully transitioned from the Cyrillic to Latin script until 2031 Kazakh
80%
Its alphabet is called "Hangul" Korean
80%
Mutually intelligible with the above Kyrgyz
77%
Language of the militant race in "Star Trek" Klingon
63%
Language of the home planet of Superman Kryptonian
63%
Official language of Karnataka, India Kannada
58%
National language of Burundi Kirundi
55%
Indigenous language spoken in the regions between Finland and Russia Karelian
54%
Has the most alphabetic letters Khmer
51%
Half of its name is a country that starts with R Kinyarwanda
50%
Is mainly spoken in the delta of Africa's second-longest river Kongo
49%
Sorani and Kurmanji are its dialects Kurdish
47%
Himalayan language also known as "Koshur" Kashmiri
41%
Most-spoken native language in Ecuador Kichwa
19%
Native language in central Kenya Kikuyu
14%
No matching quizzes found
Score Distribution
Percent of People with Each Score
Percentile by Number Answered
Your Score History
You have not taken this quiz